000 00307nam a22001217a 4500
020 _a9788170352372
082 _a664
_bBAL/PO
100 _aBalachandran, K.K
245 _aPost-harvest technology of fish and fish products
260 _aNew Delhi
_bDaya Publishing House
_c2012
300 _a440
942 _cBK
999 _c13690
_d13690